<?xml version="1.0" encoding="UTF-8"?><?xml-stylesheet type="text/xsl" href="static/style.xsl"?><OAI-PMH xmlns="http://www.openarchives.org/OAI/2.0/" xmlns:xsi="http://www.w3.org/2001/XMLSchema-instance" xsi:schemaLocation="http://www.openarchives.org/OAI/2.0/ http://www.openarchives.org/OAI/2.0/OAI-PMH.xsd"><responseDate>2026-04-27T06:44:26Z</responseDate><request verb="GetRecord" identifier="oai:repisalud.isciii.es:20.500.12105/11760" metadataPrefix="marc">https://repisalud.isciii.es/rest/oai/request</request><GetRecord><record><header><identifier>oai:repisalud.isciii.es:20.500.12105/11760</identifier><datestamp>2025-06-11T06:43:06Z</datestamp><setSpec>com_20.500.12105_8138</setSpec><setSpec>com_20.500.12105_5570</setSpec><setSpec>com_20.500.12105_2404</setSpec><setSpec>com_20.500.12105_2403</setSpec><setSpec>col_20.500.12105_8158</setSpec></header><metadata><record xmlns="http://www.loc.gov/MARC21/slim" xmlns:dcterms="http://purl.org/dc/terms/" xmlns:doc="http://www.lyncode.com/xoai" xmlns:xsi="http://www.w3.org/2001/XMLSchema-instance" xsi:schemaLocation="http://www.loc.gov/MARC21/slim http://www.loc.gov/standards/marcxml/schema/MARC21slim.xsd">
   <leader>00925njm 22002777a 4500</leader>
   <datafield ind2=" " ind1=" " tag="042">
      <subfield code="a">dc</subfield>
   </datafield>
   <datafield ind2=" " ind1=" " tag="720">
      <subfield code="a">Ranchal Sánchez, Antonio</subfield>
      <subfield code="e">author</subfield>
   </datafield>
   <datafield ind2=" " ind1=" " tag="720">
      <subfield code="a">Vaquero Abellán, Manuel</subfield>
      <subfield code="e">author</subfield>
   </datafield>
   <datafield ind2=" " ind1=" " tag="260">
      <subfield code="c">2008-03</subfield>
   </datafield>
   <datafield ind2=" " ind1=" " tag="520">
      <subfield code="a">[ES] Trabajos previos echan en falta estudios que relacionen el Test de Maslach para medir el Burnout con variables biológicas. De ahí que hayamos enfrentado las tres dimensiones del test (cansancio emocional, despersonalización y realización profesional) con variables fisiológicas y bioquímicas (presión arterial, glucemia y colesterolemia), así como con el Índice de Masa Corporal en una muestra de 186 profesores de secundaria, a partir de los exámenes médicos de la vigilancia de la salud realizados en junio de 2005. El análisis estadístico lo realizamos mediante el programa Epi info. Hemos aplicado el test de "Chi cuadrado" para el análisis de las variables cualitativas, y la prueba de análisis multivariante regresión logística para conocer qué variables formaban parte de la ecuación que predecía el burnout. Los resultados indican la existencia de diferencias significativas entre el componente "realización profesional" del test y el Índice de Masa Corporal (p&lt; 0.05). De forma que quienes puntuaron con una mejor realización profesional tenían un Índice de Masa Corporal más favorable. No hemos encontrado asociación entre los componentes del test, ni con las variables fisiológicas, ni con las bioquímicas; aunque sí con la variable edad (p&lt; 0.05). [EN] Previous studies have so far pointed out thatpapers correlating the Maslach Burnout Inventory with biological items are required. Therefore we have correlated the three test dimensions (emotional exhaustion, depersonalisation and professional accomplishment) with physiological (blood pressure), and biochemical measurements (glucoseand cholesterol serum levels) as well as the Body Mass Index in a random sample of 186 secondaryteachers who attended the occupational medicalexam in June 2005. Our results show a significant difference between the personal accomplishment item and the Body Mass Index (p&lt; 0.05). So we conclude that the better personal accomplishment you have, the better Body Mass Index you have. Moreover, none of the Maslach Burnout Inventory items were correlated either with high arterial pressure or with biochemical parameters, butcorrelated with the age item (p&lt; 0.05). .</subfield>
   </datafield>
   <datafield ind1="8" ind2=" " tag="024">
      <subfield code="a">Med Segur Trab 2008; Vol.LIV Nº 210;47-55</subfield>
   </datafield>
   <datafield ind1="8" ind2=" " tag="024">
      <subfield code="a">0465-546X</subfield>
   </datafield>
   <datafield ind1="8" ind2=" " tag="024">
      <subfield code="a">http://hdl.handle.net/20.500.12105/11760</subfield>
   </datafield>
   <datafield ind1="8" ind2=" " tag="024">
      <subfield code="a">10.4321/S0465-546X2008000100007</subfield>
   </datafield>
   <datafield ind1="8" ind2=" " tag="024">
      <subfield code="a">1989-7790</subfield>
   </datafield>
   <datafield ind1="8" ind2=" " tag="024">
      <subfield code="a">Medicina y Seguridad del Trabajo</subfield>
   </datafield>
   <datafield tag="653" ind2=" " ind1=" ">
      <subfield code="a">Burnout</subfield>
   </datafield>
   <datafield tag="653" ind2=" " ind1=" ">
      <subfield code="a">Profesorado</subfield>
   </datafield>
   <datafield tag="653" ind2=" " ind1=" ">
      <subfield code="a">Variables fisiológicas</subfield>
   </datafield>
   <datafield tag="653" ind2=" " ind1=" ">
      <subfield code="a">Work-related stress</subfield>
   </datafield>
   <datafield tag="653" ind2=" " ind1=" ">
      <subfield code="a">Teachers</subfield>
   </datafield>
   <datafield tag="653" ind2=" " ind1=" ">
      <subfield code="a">Body mass index</subfield>
   </datafield>
   <datafield tag="653" ind2=" " ind1=" ">
      <subfield code="a">Physiological variables</subfield>
   </datafield>
   <datafield tag="653" ind2=" " ind1=" ">
      <subfield code="a">Biochemical measurements</subfield>
   </datafield>
   <datafield ind2="0" ind1="0" tag="245">
      <subfield code="a">Burnout, variables fisiológicas y antropométricas: un estudio en el profesorado</subfield>
   </datafield>
</record></metadata></record></GetRecord></OAI-PMH>